Datum a čas kvízu
27.5
Celkem bodů
Celkový počet nahraných bodů na tomto kvízu bez doplňovacích otázek.
6.
Pořadí na kvízu
Konečné umístění týmu na tomto kvízu.
Zaznamenané odpovědi
| # | Otázka | Odpověď | Body | Výsledky |
|---|---|---|---|---|
| 1. | Uličkou Ferdy Mravence, která... | v Brně | 0 | |
| 2. | 54letá učitelka Gill Punt z br... | A) za ledního medvěda | 0 | |
| 3. | Britská kapela, která byla zal... | Black Sabbath | 0 | |
| 4. | Vláda jednoho jihoevropského s... | o Chorvatsku | 0 | |
| 5. | Která tenistka v pondělí na so... | Petra Kvitová | 1 | |
| 6. | Kterým slovem na písmeno K se... | kapsid(a) | 1 | |
| 7. | Který zvířecí přívlastek získa... | prasečí | 1 | |
| 8. | Přiřaďte viry k onemocněním, k... | 1C 2A 3D 4B | 1 | |
| 9. | Viry mají svou genetickou info... | U (uracil) | 0 | |
| 10. | Pandemie smrtících virů jsou v... | May | 0 |